Recent achievements and perspectives in nuclear physics : Naples, Italy, 3-7 November 2004

The book is a collection of papers from the Proceedings of the 5th Italy-Japan Symposium 'Recent Achievements and Perspectives in Nuclear Physics', held in Naples as part of the framework of the INFN-RIKEN Research Collaboration Program. The meeting was devoted to recent achievements and n...

Descripció completa

Guardat en:
Dades bibliogràfiques
Format: Llibre
Idioma:Undetermined
Publicat: Singapore World Scientific 2005
Matèries:
Etiquetes: Afegir etiqueta
Sense etiquetes, Sigues el primer a etiquetar aquest registre!
Thư viện lưu trữ: Trung tâm Học liệu Trường Đại học Cần Thơ
LEADER 01350nam a2200193Ia 4500
001 CTU_156806
008 210402s9999 xx 000 0 und d
020 |c 184 
082 |a 539.7 
082 |b P963 
245 0 |a Recent achievements and perspectives in nuclear physics : 
245 0 |b Naples, Italy, 3-7 November 2004 
245 0 |c Editors, G. La Rana, C. Signorini, S. Shimoura 
260 |a Singapore 
260 |b World Scientific 
260 |c 2005 
520 |a The book is a collection of papers from the Proceedings of the 5th Italy-Japan Symposium 'Recent Achievements and Perspectives in Nuclear Physics', held in Naples as part of the framework of the INFN-RIKEN Research Collaboration Program. The meeting was devoted to recent achievements and new challenges in the different fields of nuclear physics, with the aim to promote new collaborations between the two communities and thereby enhance the development of nuclear physics in the two countries. Particularly interesting are the topics dedicated to radioactive beams and innovative instrumentation: the prospects for future accelerators and experimental setups as well as novel future research directions. These projects are of key importance for the future of heavy ion nuclear physics. 
650 |a Nuclear physics 
980 |a Trung tâm Học liệu Trường Đại học Cần Thơ